Elements - Statistics

General Stats
  • This quiz has been taken 77 times
  • The average score is 36 of 51
Answer Stats
Hint Answer % Correct
Mn Manganese
90%
B Boron
83%
C Carbon
83%
Ti Titanium
83%
He Helium
79%
H Hydrogen
79%
Li Lithium
79%
N Nitrogen
79%
O Oxygen
79%
Sc Scandium
79%
Ar Argon
76%
Be Beryllium
76%
Ca Calcium
76%
Cl Chlorine
76%
Cr Chromium
76%
Mg Magnesium
76%
K Potassium
76%
S Sulfur
76%
Zn Zinc
76%
Al Aluminum
72%
Cd Cadmium
72%
Co Cobalt
72%
Cu Copper
72%
Ge Germanium
72%
Fe Iron
72%
Ne Neon
72%
Ni Nickel
72%
Si Silicon
72%
Na Sodium
72%
As Arsenic
69%
F Fluorine
69%
Au Gold
69%
I Iodine
69%
Kr Krypton
69%
P Phosphorus
69%
Se Selenium
69%
Ag Silver
69%
V Vanadium
69%
Xe Xenon
69%
Ga Gallium
66%
Sn Tin
66%
W Tungsten
66%
U Uranium
66%
Hg Mercury
62%
Rn Radon
62%
Br Bromine
59%
Pb Lead
59%
Sr Strontium
59%
Mo Molybdenum
52%
Sb Antimony
48%
Pt Platinum
48%
No matching quizzes found
Score Distribution
Percent of People with Each Score
Percentile by Number Answered
Your Score History
You have not taken this quiz